| 000 | 00732nam a2200241 a 4500 | ||
|---|---|---|---|
| 008 | |||
| 020 | _a9781439802540 (hbk.) | ||
| 049 | _aMAIN | ||
| 090 |
_aTK3001 _bGON |
||
| 100 | 1 | _a Gonen, Turan. | |
| 245 | 1 | 0 |
_a Electric power transmission system engineering analysis and design / _cTuran Gonen. |
| 260 |
_a Florida : _bTaylor and Francis, _c2009. |
||
| 300 | _a2nd ed. | ||
| 300 |
_axxiii, 852 p. : _bill. ; _c26 cm. |
||
| 504 | _aIncludes bibliographic references. | ||
| 500 | _aIncludes index. | ||
| 650 | 1 | _aElectrical power transmission. | |
| 907 |
_a.b10326509 _b20-02-13 _c01-02-13 |
||
| 003 | |||
| 005 | 20230123121959.0 | ||
| 040 | _cNUST | ||
| 942 |
_cBOOKS _kTK3001 _mGON |
||
| 999 |
_c125723 _d125723 |
||